000
00188nam a22000977a 4500
041
_a
eng
080
_a
80
100
_a
Bassai, N. P., Plachotnyk V. M
245
_a
Deutsch 5
999
_c
282094
_d
282094
942
_c
BK